000 00699cam a2200241 4500
001 2652772
003 OSt
005 20230926163532.0
008 691002s1969 ck a 000 0 eng
010 _a 69016937
020 _a9788185015811
040 _aDLC
_cDLC
_dICU
_dDLC
041 1 _aengund
050 0 0 _aQA251
_b.H2518
082 0 0 _a512.897
_bHAD/L
100 1 _aHadley, G.
_q(George),
_d1930-
_99627
245 0 0 _aLinear algebra./
_cG. Hadley.
260 _bNarosa,
_c2002
300 _aix, 290 p.
_billus.
_c21 x 26 cm.
650 0 _aAlgebras, Linear.
906 _a7
_bcbc
_corignew
_du
_encip
_f19
_gy-gencatlg
942 _2ddc
_cBK
_h512.897
_iHAD/L
_k512.897
_mHAD/L
999 _c42405
_d42405